[Event "Bangabandhu-chT"]
[Site "Dhaka"]
[Date "2024.02.04"]
[Round "4.3"]
[White "Md, Sharif Hossain"]
[Black "Mihir Lal, Das"]
[Result "1-0"]
[WhiteElo "2114"]
[BlackElo "1936"]
[PlyCount "114"]
[EventDate "2024.02.01"]
[EventType "team-tourn"]
[EventRounds "11"]
[EventCountry "BAN"]
[SourceTitle "CB06_2024"]
[SourceDate "2024.02.07"]
[SourceVersion "1"]
[SourceVersionDate "2024.02.07"]
[SourceQuality "1"]
[WhiteTeam "Bangladesh Navy"]
[BlackTeam "Janata Bank Welfare Society"]
[WhiteTeamCountry "BAN"]
[BlackTeamCountry "BAN"]

1. e4 c5 2. Nf3 d6 3. d4 cxd4 4. Nxd4 Nf6 5. Nc3 a6 6. Be2 e5 7. Nb3 Be6 8. Bg5 Nbd7 9. 0-0 Be7 10. Be3 0-0 11. f3 b5 12. Nd5 Bxd5 13. exd5 Nb6 14. Bxb6 Qxb6+ 15. Kh1 Nh5 16. g3 Nf6 17. a4 b4 18. Bc4 a5 19. Bb5 h5 20. Qd3 Ra7 21. Rae1 Bd8 22. Bc6 g6 23. Kg2 Kg7 24. Rc1 Re7 25. Nd2 Nh7 26. c3 f5 27. Bb5 Nf6 28. cxb4 axb4 29. Rc6 Qb8 30. Nc4 Bc7 31. Qd2 e4 32. f4 e3 33. Nxe3 Bb6 34. Nc2 Bc5 35. Re1 Rfe8 36. Rxe7+ Rxe7 37. Nd4 Bxd4 38. Qxd4 Re4 39. Qb6 Qf8 40. Rxd6 Qe7 41. Re6 Qd6 42. Re7+ Qxe7 43. Qc6 Re6 44. Qxe6 Qc5 45. d6 Ng4 46. Qe7+ Kh6 47. Qf8+ Kh7 48. Kh3 Qf2 49. Qe7+ Kh6 50. Qe2 Qd4 51. d7 Nf2+ 52. Kg2 Ne4 53. b3 h4 54. a5 hxg3 55. hxg3 Nc5 56. Qe5 Qd2+ 57. Kh3 Ne4 1-0

[Event "Dhaka Metropolis op U2100"]
[Site "Dhaka"]
[Date "2022.10.21"]
[Round "5"]
[White "Ahmed, Mahtabuddin"]
[Black "Mihir Lal, Das"]
[Result "1/2-1/2"]
[WhiteElo "2037"]
[BlackElo "1917"]
[PlyCount "45"]
[EventDate "2022.10.17"]
[EventType "swiss"]
[EventRounds "9"]
[EventCountry "BAN"]
[SourceTitle "EXT 2024"]
[Source "ChessBase"]
[SourceDate "2023.10.10"]
[SourceVersion "1"]
[SourceVersionDate "2023.10.10"]
[SourceQuality "1"]

1. Nf3 d5 2. g3 g6 3. Bg2 Bg7 4. d3 e5 5. Nbd2 Ne7 6. e4 0-0 7. 0-0 c6 8. b3 Qc7 9. Bb2 h6 10. Re1 d4 11. Qe2 Be6 12. c3 dxc3 13. Bxc3 c5 14. Rec1 Qd6 15. Nc4 Bxc4 16. dxc4 Nbc6 17. Rd1 Nd4 18. Nxd4 cxd4 19. Bb2 Rfc8 20. Rac1 h5 21. c5 Qd7 22. Rc2 Nc6 23. a3 1/2-1/2

[Event "Dhaka Metropolis op U2100"]
[Site "Dhaka"]
[Date "2022.10.18"]
[Round "2"]
[White "Mihir Lal, Das"]
[Black "Mahbubur, Rahman"]
[Result "1-0"]
[WhiteElo "1917"]
[BlackElo "1706"]
[PlyCount "77"]
[EventDate "2022.10.17"]
[EventType "swiss"]
[EventRounds "9"]
[EventCountry "BAN"]
[SourceTitle "EXT 2024"]
[Source "ChessBase"]
[SourceDate "2023.10.10"]
[SourceVersion "1"]
[SourceVersionDate "2023.10.10"]
[SourceQuality "1"]

1. Nf3 c5 2. g3 b6 3. Bg2 Bb7 4. 0-0 Nf6 5. c4 e6 6. Nc3 Be7 7. Re1 0-0 8. e4 d6 9. d4 cxd4 10. Nxd4 Qc8 11. Qe2 Nc6 12. Be3 Ne5 13. b3 a6 14. Rac1 Neg4 15. Bd2 Qc5 16. Nc2 Rab8 17. h3 Ne5 18. Kh2 Qc7 19. Nd4 Nc6 20. Nxc6 Bxc6 21. Nd5 Bxd5 22. cxd5 Qd8 23. dxe6 fxe6 24. Qc4 d5 25. exd5 exd5 26. Qe2 Bc5 27. Be3 Re8 28. Qxa6 Ra8 29. Qe2 Ra7 30. Qd2 d4 31. Bg5 Be7 32. Rc4 Ng4+ 33. hxg4 Bxg5 34. Rxe8+ Qxe8 35. Qxg5 d3 36. Qd5+ Kh8 37. Qxd3 b5 38. Qe3 Re7 39. Qxe7 1-0

[Event "BAN-chT"]
[Site "Dhaka"]
[Date "2022.03.16"]
[Round "7.6"]
[White "Asif, Mahmud"]
[Black "Mihir Lal, Das"]
[Result "1/2-1/2"]
[WhiteElo "1928"]
[BlackElo "1988"]
[PlyCount "114"]
[EventDate "2022.03.10"]
[EventType "team-tourn"]
[EventRounds "11"]
[EventCountry "BAN"]
[SourceTitle "CBM 207 Extra"]
[Source "ChessBase"]
[SourceDate "2022.05.31"]
[SourceVersion "1"]
[SourceVersionDate "2022.05.31"]
[SourceQuality "1"]
[WhiteTeam "Leonine CC"]
[BlackTeam "Janata Bank Officer Welfare"]
[WhiteTeamCountry "BAN"]
[BlackTeamCountry "BAN"]

1. d4 Nf6 2. c4 e6 3. Nf3 d5 4. Nc3 Be7 5. Bf4 0-0 6. e3 a6 7. cxd5 exd5 8. Bd3 Nc6 9. h3 Nb4 10. Bb1 c5 11. 0-0 Nc6 12. a3 c4 13. Ne5 Re8 14. Nxc6 bxc6 15. e4 dxe4 16. Nxe4 Be6 17. Be5 Nxe4 18. Bxe4 Bd5 19. Re1 Bxe4 20. Rxe4 f6 21. Bg3 f5 22. Re1 Bf6 23. Be5 Bxe5 24. dxe5 Qd3 25. Re3 Qxd1+ 26. Rxd1 Rad8 27. Rxd8 Rxd8 28. f4 Rd2 29. Rc3 Rd4 30. g3 Rd1+ 31. Kf2 Rd2+ 32. Ke3 Rxb2 33. Kd4 Kf7 34. Kxc4 g5 35. Kc5 gxf4 36. gxf4 Rf2 37. Rc4 Rf3 38. a4 Rxh3 39. Kxc6 h5 40. Kb6 Rf3 41. Kxa6 h4 42. a5 h3 43. Kb5 h2 44. Rc7+ Kg6 45. Rc1 Rxf4 46. a6 Re4 47. a7 Rxe5+ 48. Kb6 Re8 49. Rh1 f4 50. Rxh2 Kf5 51. Rc2 f3 52. Kb7 Kg4 53. Rc8 Rxc8 54. Kxc8 f2 55. a8Q f1Q 56. Qe4+ Qf4 57. Qxf4+ Kxf4 1/2-1/2

[Event "BAN-chT"]
[Site "Dhaka"]
[Date "2022.03.15"]
[Round "6.1"]
[White "Mihir Lal, Das"]
[Black "Reefat, Bin Sattar"]
[Result "0-1"]
[WhiteElo "1988"]
[BlackElo "2371"]
[PlyCount "81"]
[EventDate "2022.03.10"]
[EventType "team-tourn"]
[EventRounds "11"]
[EventCountry "BAN"]
[SourceTitle "CBM 207 Extra"]
[Source "ChessBase"]
[SourceDate "2022.05.31"]
[SourceVersion "1"]
[SourceVersionDate "2022.05.31"]
[SourceQuality "1"]
[WhiteTeam "Janata Bank Officer Welfare"]
[BlackTeam "SAIF Sporting Club"]
[WhiteTeamCountry "BAN"]
[BlackTeamCountry "BAN"]

1. Nf3 d5 2. g3 Nc6 3. d4 Bf5 4. Bg2 Nb4 5. Na3 e6 6. 0-0 h6 7. c4 Nf6 8. Ne5 a5 9. Qa4+ c6 10. c5 Nd7 11. Nxd7 Kxd7 12. Bd2 b5 13. Qb3 Na6 14. Rac1 a4 15. Qd1 Be7 16. Nc2 Bf6 17. Bf4 Bg5 18. Qd2 Bxf4 19. Qxf4 Qb8 20. Qd2 b4 21. e4 Bh7 22. exd5 cxd5 23. c6+ Ke7 24. Ne3 Nc7 25. f4 Rd8 26. f5 exf5 27. Nxf5+ Bxf5 28. Rxf5 f6 29. Qe2+ Kf8 30. Qh5 Rd6 31. Re1 Qb6 32. Qg4 Qxc6 33. Qg6 Re8 34. Ref1 Qb6 35. Qh7 Qxd4+ 36. Kh1 Ne6 37. Bf3 Ke7 38. Bg4 Qxg4 39. Rxf6 Qe4+ 40. Qxe4 dxe4 41. Kg1 0-1

[Event "BAN-chB 46th"]
[Site "Dhaka"]
[Date "2021.12.22"]
[Round "8"]
[White "Mihir Lal, Das"]
[Black "Swarnavo, Choudhury"]
[Result "1-0"]
[WhiteElo "1988"]
[BlackElo "2053"]
[PlyCount "83"]
[EventDate "2021.12.15"]
[EventType "swiss"]
[EventRounds "9"]
[EventCountry "BAN"]
[SourceTitle "CBM 206 Extra"]
[Source "ChessBase"]
[SourceDate "2022.03.31"]
[SourceVersion "1"]
[SourceVersionDate "2022.03.31"]
[SourceQuality "1"]

1. c4 Nf6 2. Nf3 e6 3. g3 d5 4. Bg2 Be7 5. 0-0 0-0 6. d4 c5 7. Nc3 Nc6 8. cxd5 exd5 9. b3 Bg4 10. Ne5 cxd4 11. Nxc6 bxc6 12. Qxd4 Re8 13. Bb2 Qb6 14. Qd3 Rad8 15. e3 Bh5 16. Rac1 Bg6 17. Qe2 Bh5 18. Qd3 Bg6 19. Qe2 Bh5 20. Qd3 Bg6 21. Qe2 Bh5 22. Bf3 d4 23. Bxh5 dxc3 24. Bxc3 Nd5 25. Qc4 g6 26. Bf3 Nxc3 27. Rxc3 c5 28. Bd5 Rf8 29. e4 Kg7 30. a3 h5 31. e5 f6 32. exf6+ Bxf6 33. Re3 Qd6 34. Bg2 h4 35. Qg4 hxg3 36. hxg3 Qd4 37. Be4 g5 38. Qh5 Rg8 39. Bh7 Rh8 40. Qg6+ Kf8 41. Rfe1 Rxh7 42. Re8+ 1-0

[Event "BAN-chB 46th"]
[Site "Dhaka"]
[Date "2021.12.21"]
[Round "7"]
[White "Mihir Lal, Das"]
[Black "Asif, Mahmud"]
[Result "1-0"]
[WhiteElo "1988"]
[BlackElo "1944"]
[PlyCount "73"]
[EventDate "2021.12.15"]
[EventType "swiss"]
[EventRounds "9"]
[EventCountry "BAN"]
[SourceTitle "CBM 206 Extra"]
[Source "ChessBase"]
[SourceDate "2022.03.31"]
[SourceVersion "1"]
[SourceVersionDate "2022.03.31"]
[SourceQuality "1"]

1. Nf3 Nf6 2. c4 c5 3. g3 Nc6 4. Bg2 g6 5. 0-0 Bg7 6. Nc3 d5 7. cxd5 Nxd5 8. Nxd5 Qxd5 9. d3 0-0 10. Be3 Qd6 11. Rc1 Nd4 12. Nd2 Bg4 13. f3 Bf5 14. Bf2 Nxe2+ 15. Qxe2 Bxd3 16. Qe1 Bxf1 17. Bxf1 b6 18. Nc4 Qf6 19. f4 Rad8 20. Ne5 Qd6 21. b3 e6 22. Nf3 Bb2 23. Rc2 Bf6 24. Ne5 Bxe5 25. fxe5 Qd1 26. Qc3 Rd5 27. Kg2 Rfd8 28. Be2 Qb1 29. Be3 h5 30. Bg5 R8d7 31. h4 a6 32. Bh6 Kh7 33. Bc1 b5 34. Bf4 b4 35. Qc4 Rc7 36. Be3 Qe1 37. Rc1 1-0

[Event "BAN-chB 46th"]
[Site "Dhaka"]
[Date "2021.12.20"]
[Round "6"]
[White "Ikramul, Haque Siam"]
[Black "Mihir Lal, Das"]
[Result "1-0"]
[WhiteElo "2038"]
[BlackElo "1988"]
[PlyCount "63"]
[EventDate "2021.12.15"]
[EventType "swiss"]
[EventRounds "9"]
[EventCountry "BAN"]
[SourceTitle "CBM 206 Extra"]
[Source "ChessBase"]
[SourceDate "2022.03.31"]
[SourceVersion "1"]
[SourceVersionDate "2022.03.31"]
[SourceQuality "1"]

1. e4 c5 2. Nf3 g6 3. d4 cxd4 4. Nxd4 Nf6 5. Nc3 Nc6 6. Nxc6 bxc6 7. e5 Ng8 8. Bc4 Qc7 9. Bf4 Bg7 10. e6 Qxf4 11. exf7+ Kf8 12. fxg8Q+ Rxg8 13. Bxg8 Bxc3+ 14. bxc3 Qe5+ 15. Kf1 Kxg8 16. h4 Ba6+ 17. Kg1 Qxc3 18. h5 Be2 19. Qe1 Qxc2 20. hxg6 hxg6 21. Qb4 Rf8 22. Qxe7 Bh5 23. f3 Qd3 24. Re1 d5 25. Rh4 Qc3 26. Qe6+ Kh7 27. Qe7+ Kg8 28. Qe5 Qc2 29. Rf4 Qc5+ 30. Kh1 Rf5 31. Qe8+ Kg7 32. Rxf5 1-0

[Event "BAN-chB 46th"]
[Site "Dhaka"]
[Date "2021.12.19"]
[Round "5"]
[White "Mihir Lal, Das"]
[Black "Saiful Islam, Chowdhury"]
[Result "1/2-1/2"]
[WhiteElo "1988"]
[BlackElo "2111"]
[PlyCount "135"]
[EventDate "2021.12.15"]
[EventType "swiss"]
[EventRounds "9"]
[EventCountry "BAN"]
[SourceTitle "CBM 206 Extra"]
[Source "ChessBase"]
[SourceDate "2022.03.31"]
[SourceVersion "1"]
[SourceVersionDate "2022.03.31"]
[SourceQuality "1"]

1. Nf3 d5 2. g3 c5 3. Bg2 Nf6 4. 0-0 Nc6 5. d4 cxd4 6. Nxd4 e6 7. c4 Qb6 8. Nxc6 bxc6 9. cxd5 cxd5 10. Nc3 Bd7 11. e4 d4 12. e5 Rd8 13. Na4 Qa6 14. exf6 Bxa4 15. fxg7 Bxg7 16. Qg4 Bf6 17. Bh6 d3 18. b3 Bxb3 19. axb3 Bxa1 20. Bc6+ Qxc6 21. Rxa1 d2 22. Rd1 Kd7 23. Qd4+ Kc8 24. Qxa7 Rd7 25. Qa5 Rhd8 26. Bf4 Rd5 27. Qb4 Rd4 28. Qb8+ Kd7 29. Qa7+ Ke8 30. Bg5 R4d7 31. Qa1 Qc5 32. Qh8+ Qf8 33. Qxf8+ Kxf8 34. Bxd8 Rxd8 35. Kf1 Rb8 36. Rxd2 Rxb3 37. Rd8+ Kg7 38. Kg2 h6 39. Rd4 h5 40. Kh3 Rf3 41. Rd2 Kg6 42. Kh4 e5 43. Ra2 f6 44. Kh3 Rd3 45. Re2 Kf5 46. Kg2 Rd4 47. Re3 h4 48. Rf3+ Kg5 49. Ra3 Rd2 50. gxh4+ Kxh4 51. Rg3 e4 52. Rg8 f5 53. Re8 Kg5 54. Re7 Rd6 55. Rg7+ Kf4 56. Rg8 Rh6 57. Rg7 Rh4 58. h3 Rh5 59. Ra7 Rg5+ 60. Kf1 Rg6 61. Ra8 Ke5 62. Ke2 Rh6 63. f3 exf3+ 64. Kxf3 Rxh3+ 65. Kg2 Rb3 66. Ra4 f4 67. Ra8 Rg3+ 68. Kf2 1/2-1/2

[Event "Dhaka Sheikh Russel op"]
[Site "Dhaka"]
[Date "2021.10.26"]
[Round "8"]
[White "Hamid, Rani"]
[Black "Mihir Lal, Das"]
[Result "0-1"]
[WhiteElo "1886"]
[BlackElo "2013"]
[PlyCount "70"]
[EventDate "2021.10.19"]
[EventType "swiss"]
[EventRounds "9"]
[EventCountry "BAN"]
[SourceTitle "EXT 2023"]
[Source "ChessBase"]
[SourceDate "2022.10.05"]
[SourceVersion "1"]
[SourceVersionDate "2022.10.05"]
[SourceQuality "1"]

1. e4 c5 2. Nf3 e6 3. d4 cxd4 4. Nxd4 Nf6 5. Bd3 Nc6 6. Nxc6 bxc6 7. f4 d5 8. e5 Nd7 9. 0-0 Bc5+ 10. Kh1 0-0 11. Nd2 f5 12. Nf3 Rb8 13. b3 Be7 14. Nd4 Qb6 15. Nxe6 Nxe5 16. Nxf8 Ng4 17. Qe2 Bxf8 18. h3 Nf6 19. Be3 c5 20. c4 d4 21. Bf2 Bd7 22. Rae1 Re8 23. Qc2 Ne4 24. Kg1 Qg6 25. g4 Bc6 26. g5 Nxg5 27. Bg3 Nf3+ 28. Kf2 Rxe1 29. Rxe1 Nxe1 30. Qe2 Nxd3+ 31. Qxd3 Be4 32. Qd2 Qh5 33. Ke1 Qxh3 34. Qf2 Qh1+ 35. Kd2 Qb1 0-1

[Event "Dhaka Sheikh Russel op"]
[Site "Dhaka"]
[Date "2021.10.25"]
[Round "7"]
[White "Mihir Lal, Das"]
[Black "Chowdhury, Sohel"]
[Result "0-1"]
[WhiteElo "2013"]
[BlackElo "2102"]
[PlyCount "138"]
[EventDate "2021.10.19"]
[EventType "swiss"]
[EventRounds "9"]
[EventCountry "BAN"]
[SourceTitle "EXT 2023"]
[Source "ChessBase"]
[SourceDate "2022.10.05"]
[SourceVersion "1"]
[SourceVersionDate "2022.10.05"]
[SourceQuality "1"]

1. e4 c5 2. Nf3 e6 3. d4 cxd4 4. Nxd4 a6 5. g3 Nf6 6. Nc3 Bb4 7. Bg2 Qc7 8. 0-0 d6 9. Bg5 Nbd7 10. Nce2 0-0 11. Nb3 h6 12. Bf4 e5 13. Be3 Nc5 14. c3 Nxb3 15. axb3 Bc5 16. Qd2 Be6 17. b4 Bxe3 18. Qxe3 d5 19. exd5 Bxd5 20. Ra5 Bxg2 21. Kxg2 Rfe8 22. Rd1 Re6 23. Rc5 Qe7 24. Qd3 Re8 25. h3 b6 26. Rc4 Qb7+ 27. Kh2 b5 28. Rc5 Ne4 29. Qd5 Nxc5 30. bxc5 Qxd5 31. Rxd5 Rc6 32. b4 f6 33. Nc1 e4 34. Nb3 e3 35. fxe3 Rxe3 36. Nd4 Rc7 37. Rd6 Rxc3 38. Rxa6 Rd7 39. Rd6 Rxd6 40. cxd6 Rd3 41. Nxb5 Rd2+ 42. Kg1 Rd5 43. Nc7 Rxd6 44. Kf2 Rb6 45. Kf3 Rxb4 46. h4 h5 47. Nd5 Ra4 48. Nb6 Rd4 49. Ke3 Rg4 50. Kf3 Kf7 51. Nd5 Rd4 52. Nf4 g6 53. Ke3 Ra4 54. Kf3 Ra3+ 55. Kg2 Kg7 56. Kh3 Kh6 57. Nd5 Ra6 58. Ne3 Ra2 59. Ng2 g5 60. Kh2 Kg6 61. hxg5 fxg5 62. Kh3 Kf6 63. Kh2 Kf5 64. Kh3 g4+ 65. Kh2 Ke4 66. Kg1 Kf3 67. Nf4 h4 68. Nd3 Kxg3 69. Kf1 h3 0-1

[Event "Asia zt 3.2 Online"]
[Site "Tornelo INT"]
[Date "2021.06.08"]
[Round "8"]
[White "Mihir Lal, Das"]
[Black "Musawir, Khan"]
[Result "1-0"]
[WhiteElo "2013"]
[BlackElo "1773"]
[PlyCount "107"]
[EventDate "2021.06.01"]
[EventType "swiss"]
[EventRounds "9"]
[EventCountry "NET"]
[SourceTitle "CBM 202 Extra"]
[Source "ChessBase"]
[SourceDate "2021.07.31"]
[SourceVersion "1"]
[SourceVersionDate "2021.07.31"]
[SourceQuality "1"]

1. e4 d5 2. exd5 Qxd5 3. Nc3 Qd8 4. Nf3 Nc6 5. d4 e6 6. Bf4 Nf6 7. a3 a6 8. Bc4 Bd6 9. Bg5 Be7 10. 0-0 b5 11. Bb3 0-0 12. Re1 Nd5 13. Bxd5 exd5 14. Bxe7 Nxe7 15. Ne5 Be6 16. Qf3 Qd6 17. Rad1 c6 18. Ne2 Ng6 19. Ng3 Nxe5 20. dxe5 Qd7 21. Qe3 h6 22. Ne4 Qa7 23. Nc5 Rfe8 24. b4 a5 25. f4 axb4 26. axb4 Bf5 27. c3 Qc7 28. Rd2 Ra3 29. h3 h5 30. Qf3 Qc8 31. Qxh5 Rxc3 32. e6 fxe6 33. Ra2 g6 34. Qh6 Qc7 35. Rea1 Qg7 36. Qxg7+ Kxg7 37. Ra7+ Kf8 38. Nd7+ Kg7 39. Ne5+ Kh6 40. g4 g5 41. Nf7+ Kg6 42. gxf5+ Kxf5 43. Nd6+ Kxf4 44. Nxe8 e5 45. Nd6 e4 46. R7a3 Rc2 47. Rf1+ Ke5 48. Nf7+ Kd4 49. Nxg5 Kc4 50. Rb1 Re2 51. h4 e3 52. h5 d4 53. h6 Rg2+ 54. Kxg2 1-0

[Event "Asia zt 3.2 Online"]
[Site "Tornelo INT"]
[Date "2021.06.05"]
[Round "5"]
[White "Muhammed, Shuaau"]
[Black "Mihir Lal, Das"]
[Result "1/2-1/2"]
[WhiteElo "1925"]
[BlackElo "2013"]
[PlyCount "128"]
[EventDate "2021.06.01"]
[EventType "swiss"]
[EventRounds "9"]
[EventCountry "NET"]
[SourceTitle "CBM 202 Extra"]
[Source "ChessBase"]
[SourceDate "2021.07.31"]
[SourceVersion "1"]
[SourceVersionDate "2021.07.31"]
[SourceQuality "1"]

1. e4 c5 2. Nf3 e6 3. d4 cxd4 4. Nxd4 Nf6 5. Nc3 Nc6 6. Ndb5 d6 7. Bf4 e5 8. Bg5 a6 9. Na3 b5 10. Nd5 Be7 11. Bxf6 Bxf6 12. c3 0-0 13. Nc2 Bg5 14. a4 bxa4 15. Rxa4 a5 16. Bc4 Be6 17. 0-0 Kh8 18. b4 axb4 19. Rxa8 Qxa8 20. Ncxb4 Nxb4 21. cxb4 Qb7 22. b5 Rb8 23. Qd3 Bxd5 24. exd5 g6 25. Ra1 Bd8 26. g3 Bb6 27. Kg2 Qc7 28. Ra2 Kg7 29. Bb3 Qd7 30. Ra6 Qg4 31. Ra4 Qd7 32. h3 Bd4 33. Bc4 Qc7 34. Ra6 Bb6 35. Ra2 Qc5 36. Rc2 Qb4 37. Qd2 Qc5 38. Bf1 Qa3 39. Qd3 Qa7 40. Qc4 Bc5 41. Ra2 Qe7 42. h4 h5 43. Bd3 Qf6 44. Qc2 Qe7 45. Qa4 Qb7 46. Bc4 e4 47. Re2 Ra8 48. Qc2 f5 49. Qb2+ Kf7 50. Qb1 Ra4 51. Qb3 Ra3 52. Qb2 Qa7 53. Qh8 Bd4 54. Qc8 Be5 55. Qc6 Qd4 56. Ba2 Qd1 57. Qc2 Qd4 58. Qc7+ Kf6 59. Qd8+ Kg7 60. Qe7+ Kh6 61. Qf8+ Kh7 62. Qe7+ Kh6 63. Qf8+ Kh7 64. Qe7+ Kh6 1/2-1/2

[Event "Asia zt 3.2 Online"]
[Site "Tornelo INT"]
[Date "2021.06.01"]
[Round "1"]
[White "Rahman, Ziaur"]
[Black "Mihir Lal, Das"]
[Result "1-0"]
[WhiteElo "2434"]
[BlackElo "2013"]
[PlyCount "73"]
[EventDate "2021.06.01"]
[EventType "swiss"]
[EventRounds "9"]
[EventCountry "NET"]
[SourceTitle "CBM 202 Extra"]
[Source "ChessBase"]
[SourceDate "2021.07.31"]
[SourceVersion "1"]
[SourceVersionDate "2021.07.31"]
[SourceQuality "1"]

1. d4 Nf6 2. c4 e6 3. g3 Bb4+ 4. Nd2 d5 5. Bg2 0-0 6. Ngf3 Be7 7. 0-0 c6 8. Qc2 Nbd7 9. Re1 b6 10. e4 dxe4 11. Nxe4 Nxe4 12. Qxe4 Bb7 13. Bf4 Rc8 14. a3 Ba8 15. Qe2 Nf6 16. Rad1 Re8 17. Ne5 Bd6 18. b4 Qe7 19. Bg5 h6 20. Bxf6 Qxf6 21. c5 Bb8 22. Qa6 Qe7 23. cxb6 Bb7 24. Qa5 axb6 25. Qxb6 Qc7 26. Qc5 Ba8 27. Qc3 Red8 28. Nd3 Rd6 29. Nc5 Ba7 30. Be4 Bb6 31. Bc2 Qa7 32. Qd3 g6 33. Qe2 Kh7 34. h4 Bxc5 35. dxc5 Rd5 36. Rxd5 cxd5 37. h5 1-0

[Event "BAN-chT Premier"]
[Site "Dhaka"]
[Date "2021.03.27"]
[Round "9.4"]
[White "Mihir Lal, Das"]
[Black "Subrota, Biswas"]
[Result "0-1"]
[WhiteElo "1964"]
[BlackElo "2262"]
[PlyCount "72"]
[EventDate "2021.03.19"]
[EventType "team-tourn"]
[EventRounds "11"]
[EventCountry "BAN"]
[SourceTitle "CBM 201 Extra"]
[Source "ChessBase"]
[SourceDate "2021.05.31"]
[SourceVersion "1"]
[SourceVersionDate "2021.05.31"]
[SourceQuality "1"]
[WhiteTeam "Janata Bank Officer Welfare"]
[BlackTeam "Bangladesh Navy"]
[WhiteTeamCountry "BAN"]
[BlackTeamCountry "BAN"]

1. Nf3 d5 2. g3 Nd7 3. d4 Nb6 4. b3 Bf5 5. Bg2 Nf6 6. 0-0 e6 7. Nbd2 h6 8. Bb2 Be7 9. Re1 0-0 10. Ne5 c6 11. c4 Nbd7 12. Nd3 a5 13. a3 Qb6 14. c5 Qa6 15. e4 dxe4 16. Ne5 Nxe5 17. dxe5 Nd5 18. Nxe4 Bxe4 19. Bxe4 Bxc5 20. Bb1 Qb6 21. Qc2 g6 22. Qd2 Rfd8 23. Bxg6 fxg6 24. Qxh6 Bxf2+ 25. Kg2 Bxe1 26. Qxg6+ Kf8 27. Qh6+ Ke7 28. Qg7+ Ke8 29. Rxe1 Qc7 30. Qg4 Qf7 31. Bc1 Kd7 32. Rf1 Qg8 33. Qc4 Rf8 34. Rd1 Qf7 35. Qe2 Kc7 36. Be3 Nc3 0-1

[Event "BAN-chT Premier"]
[Site "Dhaka"]
[Date "2021.03.26"]
[Round "8.2"]
[White "Chatterjee, Debaraj"]
[Black "Mihir Lal, Das"]
[Result "0-1"]
[WhiteElo "2223"]
[BlackElo "1964"]
[PlyCount "84"]
[EventDate "2021.03.19"]
[EventType "team-tourn"]
[EventRounds "11"]
[EventCountry "BAN"]
[SourceTitle "CBM 201 Extra"]
[Source "ChessBase"]
[SourceDate "2021.05.31"]
[SourceVersion "1"]
[SourceVersionDate "2021.05.31"]
[SourceQuality "1"]
[WhiteTeam "Shahin CC"]
[BlackTeam "Janata Bank Officer Welfare"]
[WhiteTeamCountry "BAN"]
[BlackTeamCountry "BAN"]

1. d4 Nf6 2. c4 e6 3. g3 d5 4. Nf3 Bb4+ 5. Bd2 Be7 6. Bg2 0-0 7. 0-0 Ne4 8. Qc2 Nxd2 9. Nbxd2 c6 10. e4 dxe4 11. Nxe4 Nd7 12. Rfd1 Nf6 13. Ne5 Qc7 14. Nxf6+ Bxf6 15. Qe4 c5 16. f4 cxd4 17. Rxd4 Be7 18. Kh1 f6 19. Nf3 a5 20. Rad1 Ra6 21. b3 a4 22. R4d3 axb3 23. axb3 Ra2 24. Bh3 Qb6 25. Qe3 Bc5 26. Qe1 Qc6 27. Bg2 b6 28. Nd2 Qc7 29. Qe4 Qf7 30. Qf3 f5 31. h4 h6 32. h5 Kh7 33. Qe2 Rg8 34. Kh2 g6 35. hxg6+ Qxg6 36. Bh3 h5 37. Qf3 Rg7 38. Bg2 h4 39. gxh4 Bb7 40. Qxb7 Rxb7 41. Bxb7 Qg4 42. Rf1 Qe2+ 0-1

[Event "BAN-chT Premier"]
[Site "Dhaka"]
[Date "2021.03.23"]
[Round "5.2"]
[White "Mihir Lal, Das"]
[Black "Manon, Reja Neer"]
[Result "0-1"]
[WhiteElo "1964"]
[BlackElo "2143"]
[PlyCount "70"]
[EventDate "2021.03.19"]
[EventType "team-tourn"]
[EventRounds "11"]
[EventCountry "BAN"]
[SourceTitle "CBM 201 Extra"]
[Source "ChessBase"]
[SourceDate "2021.05.31"]
[SourceVersion "1"]
[SourceVersionDate "2021.05.31"]
[SourceQuality "1"]
[WhiteTeam "Janata Bank Officer Welfare"]
[BlackTeam "Uttara Central CC"]
[WhiteTeamCountry "BAN"]
[BlackTeamCountry "BAN"]

1. Nf3 Nf6 2. g3 b6 3. Bg2 Bb7 4. 0-0 g6 5. c4 c5 6. Nc3 Bg7 7. d4 cxd4 8. Qxd4 0-0 9. Qh4 Re8 10. Nd5 Bxd5 11. cxd5 Na6 12. Ng5 Rc8 13. Bd2 b5 14. Rac1 Qb6 15. Be3 Qa5 16. a3 b4 17. Bd2 Qb5 18. axb4 Qxe2 19. Bc3 h6 20. Ne4 Nxd5 21. Rfe1 Nxc3 22. bxc3 Qb5 23. Bf1 Qb6 24. Bxa6 Qxa6 25. Nc5 Qa3 26. Ne4 d5 27. Nc5 Bxc3 28. Red1 Qxb4 29. Qxb4 Bxb4 30. Rxd5 e6 31. Re5 f6 32. Re4 Rxc5 33. Rd1 a5 34. Rd7 Rcc8 35. Red4 Re7 0-1

[Event "BAN-chT Premier"]
[Site "Dhaka"]
[Date "2021.03.21"]
[Round "3.1"]
[White "Mihir Lal, Das"]
[Black "Sultana, Sharmin Shirin"]
[Result "1-0"]
[WhiteElo "1964"]
[BlackElo "2002"]
[PlyCount "115"]
[EventDate "2021.03.19"]
[EventType "team-tourn"]
[EventRounds "11"]
[EventCountry "BAN"]
[SourceTitle "CBM 201 Extra"]
[Source "ChessBase"]
[SourceDate "2021.05.31"]
[SourceVersion "1"]
[SourceVersionDate "2021.05.31"]
[SourceQuality "1"]
[WhiteTeam "Janata Bank Officer Welfare"]
[BlackTeam "Sheikh Russel"]
[WhiteTeamCountry "BAN"]
[BlackTeamCountry "BAN"]

1. Nf3 d5 2. d4 Nf6 3. g3 Bf5 4. Bg2 c6 5. 0-0 e6 6. c4 Nbd7 7. Qb3 Qb6 8. c5 Qa6 9. Nc3 Be7 10. Re1 b6 11. cxb6 axb6 12. Nh4 0-0 13. Nxf5 exf5 14. Qc2 g6 15. Bg5 Rfe8 16. Qb3 Bd6 17. a3 Qb7 18. Rac1 Ne4 19. Nxe4 fxe4 20. f3 exf3 21. Bxf3 Nf8 22. e4 Ne6 23. Be3 Nc7 24. e5 Bf8 25. Qc3 Re6 26. Bg4 Nb5 27. Qc2 f5 28. exf6 Rxf6 29. a4 Nc7 30. Bg5 Rf7 31. Rf1 Bg7 32. Qxc6 Bxd4+ 33. Kg2 Qxc6 34. Rxc6 Rxf1 35. Kxf1 Rf8+ 36. Ke1 Na6 37. Bh6 Re8+ 38. Be6+ Kh8 39. Kf1 Nb4 40. Bf7 Rd8 41. Re6 Nd3 42. b3 Rc8 43. Rd6 Nb4 44. Bxd5 Nxd5 45. Rxd5 Bc3 46. Be3 Ba5 47. Bd4+ Kg8 48. Rd6 Rc1+ 49. Kg2 Rd1 50. Bc5 Rb1 51. Bxb6 Rb2+ 52. Kh3 Bc3 53. Rd3 Bb4 54. a5 Ra2 55. Rd4 Bc3 56. Ra4 Rb2 57. a6 g5 58. a7 1-0